000 00560nam a22002057a 4500
003 OSt
005 20180907142619.0
008 150909b xxu||||| |||| 00| 0 eng d
020 _a0815341067
040 _cDDC
082 _222nd ed.
_a571.6 MOL 2008
100 _aAlberts, Bruce; [et.....al]
_95670
245 _aMolecular Biology of The Cell
250 _a5th ed.
260 _aNew York;
_bGarland Science,
_c2008
300 _axxxiii,1268p;
_bcol.ill:
_c28cm
504 _aGlossary, & index included
650 _aBiology Cell
_95695
942 _2z
_cO_SHELF
999 _c2243
_d2243